The Psychology and Management of Workplace Diversity / (Record no. 5261)
[ view plain ]
| 000 -LEADER | |
|---|---|
| fixed length control field | 02983cam a22003254a 4500 |
| 001 - CONTROL NUMBER | |
| control field | 13044223 |
| 005 - DATE AND TIME OF LATEST TRANSACTION | |
| control field | 20040426145120.0 |
| 008 - FIXED-LENGTH DATA ELEMENTS--GENERAL INFORMATION | |
| fixed length control field | 021231s2004 maua b 001 0 eng |
| 010 ## - LIBRARY OF CONGRESS CONTROL NUMBER | |
| LC control number | 2002156372 |
| 020 ## - INTERNATIONAL STANDARD BOOK NUMBER | |
| International Standard Book Number | 1405100990 (alk. paper) |
| 020 ## - INTERNATIONAL STANDARD BOOK NUMBER | |
| International Standard Book Number | 1405100966 (pbk. : alk. paper) |
| 040 ## - CATALOGING SOURCE | |
| Original cataloging agency | DLC |
| Transcribing agency | DLC |
| Modifying agency | DLC |
| 042 ## - AUTHENTICATION CODE | |
| Authentication code | pcc |
| 043 ## - GEOGRAPHIC AREA CODE | |
| Geographic area code | n-us--- |
| 050 00 - LIBRARY OF CONGRESS CALL NUMBER | |
| Classification number | HF5549.5.M5 |
| Item number | P79 2004 |
| 082 00 - DEWEY DECIMAL CLASSIFICATION NUMBER | |
| Classification number | 658.3008 |
| Edition number | 22 |
| Item number | PSY |
| 245 04 - TITLE STATEMENT | |
| Title | The Psychology and Management of Workplace Diversity / |
| Statement of responsibility, etc | Edited by Margaret S. Stockdale and Faye J. Crosby. |
| 260 ## - PUBLICATION, DISTRIBUTION, ETC. (IMPRINT) | |
| Place of publication, distribution, etc | Malden, MA : |
| Name of publisher, distributor, etc | Blackwell Pub., 2004 |
| Date of publication, distribution, etc | 2004. |
| 300 ## - PHYSICAL DESCRIPTION | |
| Extent | xix, 377 p. : |
| Other physical details | ill. ; |
| Dimensions | 26 cm. |
| 504 ## - BIBLIOGRAPHY, ETC. NOTE | |
| Bibliography, etc | Includes bibliographical references (p. [317]-369) and index. |
| 505 0# - FORMATTED CONTENTS NOTE | |
| Formatted contents note | Why now? : the contemporary focus on managing diversity / Rosemary Hays-Thomas -- The arguments against diversity : are they valid? / Kecia M. Thomas, Dan A. Mack, and Amelie Montagliani -- Models and practice of diversity management : a historical review and presentation of a new integration theory / Mark D. Agars and Janet L. Kottke -- The influence of culture on role-taking in culturally diverse organizations / Dianna L. Stone and Eugene F. Stone-Romero -- Leadership in a diverse workplace / Donna Chrobot-Mason and Marian N. Ruderman -- Health implications of workplace diversity / Lynda Sagrestano -- Shattering the glass ceiling in the new millenium / Linda K. Stroh, Christine L. Langlands, and Patricia A. Simpson -- Toward the inclusiveness and career success of African Americans in the workplace / Kevin Cokley, George F. Dreher, and Margaret S. Stockdale -- Age, disability, and obesity : similarities, differences, and common threads / Myrtle P. Bell, Mary E. McLaughlin, and Jennifer M. Sequeira -- Diversity and sexual orientation : including and valuing sexual minorities in the workplace / Micah E. Lubensky, Sarah L. Holland, Carolyn Wiethoff, and Faye J. Crosby -- Class diversity in the workplace / Heather E. Bullock -- Creating and sustaining diversity and inclusion in organizations : strategies and approaches / Evangelina Holvino, Bernardo M. Ferdman, and Deborah Merrill-Sands -- International perspectives on workplace diversity / Rana Haq -- Looking back and heading forward : major themes of the psychology and management of workplace diversity / Margaret S. Stockdale and Feng Cao. |
| 650 #0 - SUBJECT ADDED ENTRY--TOPICAL TERM | |
| Topical term or geographic name as entry element | Diversity in the workplace |
| Geographic subdivision | United States. |
| 9 (RLIN) | 16257 |
| 650 #0 - SUBJECT ADDED ENTRY--TOPICAL TERM | |
| Topical term or geographic name as entry element | Psychology, Industrial |
| Geographic subdivision | United States. |
| 9 (RLIN) | 16258 |
| 650 #0 - SUBJECT ADDED ENTRY--TOPICAL TERM | |
| Topical term or geographic name as entry element | Personnel management |
| Geographic subdivision | United States. |
| 9 (RLIN) | 16259 |
| 700 1# - ADDED ENTRY--PERSONAL NAME | |
| Personal name | Stockdale, Margaret S. |
| 9 (RLIN) | 16260 |
| 700 1# - ADDED ENTRY--PERSONAL NAME | |
| Personal name | Crosby, Faye J., |
| Dates associated with a name | 1947- |
| 9 (RLIN) | 16261 |
| 942 ## - ADDED ENTRY ELEMENTS (KOHA) | |
| Source of classification or shelving scheme | Dewey Decimal Classification |
| Item type | Book - Borrowing |
| Withdrawn status | Item status | Source of classification or shelving scheme | Damaged status | Not for loan | Vendor | Home library | Current library | Shelving location | Date acquired | Source of acquisition | Total Checkouts | Total Renewals | Full call number | Barcode | Date last seen | Date last borrowed | Koha item type |
|---|---|---|---|---|---|---|---|---|---|---|---|---|---|---|---|---|---|
| Dewey Decimal Classification | Alahram | Central Library | Central Library | First floor | 23/10/2007 | 3 | 41 | 658.3008 PSY | 000006452 | 15/07/2025 | 19/03/2016 | Book - Borrowing |